Adsorption of lead (II) by a non-living algal biomass /
Saved in:
| Main Author: | |
|---|---|
| Format: | Thesis Book |
| Language: | English |
| Published: |
2010.
|
| Subjects: | |
| Online Access: | http://studentsrepo.um.edu.my/id/eprint/6227 |
| Tags: |
Add Tag
No Tags, Be the first to tag this record!
|
| LEADER | 01215cam a2200313 a 4500 | ||
|---|---|---|---|
| 001 | u851561 | ||
| 003 | SIRSI | ||
| 005 | 201202171721 | ||
| 008 | 120217s2010 my a t 000 0 eng m | ||
| 040 | |a UMM |d AUM |e rda | ||
| 090 | |a QH302 |b UM 2010 Hus | ||
| 100 | 1 | |a Hussein, Mudher A. | |
| 245 | 1 | 0 | |a Adsorption of lead (II) by a non-living algal biomass / |c Mudher A. Hussein. |
| 260 | |c 2010. | ||
| 300 | |a [2] xvi, 90 leaves : |b ill. ; |c 30 cm. | ||
| 502 | |a Dissertation (M.Sc.) -- Institut Sains Biologi, Fakulti Sains, Universiti Malaya, 2010. | ||
| 504 | |a Bibliography: leaves 63-69. | ||
| 530 | |a Also issued in CD. | ||
| 650 | 0 | |a Sewage |x Purification |x Biological treatment. | |
| 650 | 0 | |a Lead abatement. | |
| 650 | 0 | |a Metal ions |x Absorption and adsorption. | |
| 650 | 0 | |a Marine algae. | |
| 650 | 0 | |a Biomass. | |
| 710 | 2 | |a Universiti Malaya. |b Institut Sains Biologi. | |
| 856 | 4 | 1 | |u http://studentsrepo.um.edu.my/id/eprint/6227 |
| 900 | |a NHS-ZA | ||
| 596 | |a 1 25 | ||
| 999 | |a QH302 UM 2010 HUS |w LC |c 1 |i A515033763 |d 14/5/2012 |f 14/5/2012 |g 1 |l STACKS |m P01UTAMA |r Y |s Y |t TESIS |u 10/5/2012 | ||
| 999 | |a QH302 UM 2010 HUS |w LC |c 1 |i A515035835 |f 5/4/2023 |g 1 |l STACKS |m P25UMARCHI |r N |s Y |t CD |u 6/6/2017 |1 STEM |o .STAFF. MST-CD2158 | ||
